All you can ever know : a memoir / Nicole Chung.
Available copies
- 1 of 1 copy available at LARL/NWRL Consortium.
Current holds
0 current holds with 1 total copy.
Show Only Available Copies
| Location | Call Number / Copy Notes | Barcode | Shelving Location | Status | Due Date |
|---|---|---|---|---|---|
| Thief River Falls Public Library | 921 CHU (Text) | 35500006111155 | Main | Available | - |
Record details
- ISBN: 9781936787975
- ISBN: 1936787970
- Physical Description: 225 pages ; 24 cm
- Publisher: New York : Catapult, 2018.
- Copyright: ©2018
Content descriptions
| Summary, etc.: | Chung investigates the mysteries and complexities ... Read More Nicole Chung was born severely premature, placed ... Read More |
Search for related items by subject
| Genre: | Autobiographies. Nonfiction. Autobiographies. Anecdotes. Autobiographies. Biography. |
| LDR | 03437cam a2200649Ii 4500 | ||
|---|---|---|---|
| 001 | 295752 | ||
| 003 | LARL_NWRL_CONSORTIUM | ||
| 005 | 20181009165150.0 | ||
| 008 | 180306t20182018nyu 000 0aeng d | ||
| 010 | . | ‡a 2018938840 | |
| 040 | . | ‡aYDX ‡beng ‡erda ‡cYDX ‡dCDX ‡dDAD ‡dCPL ‡dOCLCO ‡dBDX ‡dTCH ‡dQQ3 ‡dILC ‡dZVR ‡dCPS ‡dMLY ‡dTXMAL ‡dOCLCF | |
| 019 | . | ‡a1027137610 ‡a1027355318 ‡a1027546327 ‡a1052508660 | |
| 020 | . | ‡a9781936787975 ‡q(hardcover) | |
| 020 | . | ‡a1936787970 ‡q(hardcover) | |
| 035 | . | ‡a(OCoLC)1026641365 ‡z(OCoLC)1027137610 ‡z(OCoLC)1027355318 ‡z(OCoLC)1027546327 ‡z(OCoLC)1052508660 | |
| 043 | . | ‡an-us--- | |
| 082 | 0 | 4. | ‡a362.734 ‡223 |
| 100 | 1 | . | ‡aChung, Nicole, ‡eauthor. |
| 245 | 1 | 0. | ‡aAll you can ever know : ‡ba memoir / ‡cNicole Chung. |
| 264 | 1. | ‡aNew York : ‡bCatapult, ‡c2018. | |
| 264 | 4. | ‡c©2018 | |
| 300 | . | ‡a225 pages ; ‡c24 cm | |
| 336 | . | ‡atext ‡btxt ‡2rdacontent | |
| 337 | . | ‡aunmediated ‡bn ‡2rdamedia | |
| 338 | . | ‡avolume ‡bnc ‡2rdacarrier | |
| 520 | . | ‡aChung investigates the mysteries and complexities of her transracial adoption in this chronicle of unexpected family for anyone who has struggled to figure out where they belong. | |
| 520 | . | ‡aNicole Chung was born severely premature, placed for adoption by her Korean parents, and raised by a white family in a sheltered Oregon town. She was told her biological parents had made the ultimate sacrifice in the hope of giving her a better life, that forever feeling slightly out of place was her fate as a transracial adoptee. But Nicole grew up facing prejudice her adoptive family couldn't see, and wondered if the story she'd been told was the whole truth. Here Chung tells of her search for the people who gave her up, and chronicles the repercussions of unearthing painful family secrets. -- adapted from jacket | |
| 600 | 1 | 0. | ‡aChung, Nicole. |
| 650 | 0. | ‡aAdopted children ‡zUnited States ‡vBiography. ‡0(LARL_NWRL_CONSORTIUM)170352 | |
| 650 | 0. | ‡aAdoption ‡zUnited States ‡vBiography. | |
| 650 | 0. | ‡aAdopted children ‡xFamily relationships ‡zUnited States ‡vAnecdotes. | |
| 650 | 0. | ‡aInterracial adoption ‡zUnited States ‡vAnecdotes. | |
| 650 | 0. | ‡aAsian Americans ‡xEthnic identity ‡vAnecdotes. | |
| 650 | 0. | ‡aRace awareness in children ‡zUnited States ‡vAnecdotes. | |
| 650 | 7. | ‡aBIOGRAPHY & AUTOBIOGRAPHY / Personal Memoirs. ‡2bisacsh | |
| 650 | 7. | ‡aBIOGRAPHY & AUTOBIOGRAPHY / Cultural, Ethnic & Regional / General. ‡2bisacsh | |
| 650 | 7. | ‡aBIOGRAPHY & AUTOBIOGRAPHY / Women. ‡2bisacsh | |
| 650 | 1. | ‡aAsian Americans ‡xEthnic identity ‡vAnecdotes. | |
| 650 | 7. | ‡aAdopted children. ‡2fast ‡0(LARL_NWRL_CONSORTIUM)177844 | |
| 650 | 7. | ‡aAdopted children ‡xFamily relationships. ‡2fast ‡0(LARL_NWRL_CONSORTIUM)170397 | |
| 650 | 7. | ‡aAdoption. ‡2fast ‡0(LARL_NWRL_CONSORTIUM)177537 | |
| 650 | 7. | ‡aAsian Americans ‡xEthnic identity. ‡2fast ‡0(LARL_NWRL_CONSORTIUM)170597 | |
| 650 | 7. | ‡aInterracial adoption. ‡2fast ‡0(LARL_NWRL_CONSORTIUM)23329 | |
| 650 | 7. | ‡aRace awareness in children. ‡2fast | |
| 651 | 7. | ‡aUnited States. ‡2fast ‡0(LARL_NWRL_CONSORTIUM)178480 | |
| 655 | 7. | ‡aAutobiographies. ‡2lcgft | |
| 655 | 4. | ‡aNonfiction. | |
| 655 | 4. | ‡aAutobiographies. | |
| 655 | 7. | ‡aAnecdotes. ‡2fast | |
| 655 | 7. | ‡aAutobiographies. ‡2fast | |
| 655 | 7. | ‡aBiography. ‡2fast | |
| 901 | . | ‡a295752 ‡bOCoLC ‡c295752 ‡tbiblio ‡soclc | |

Add to basket
Permalink
Disable Highlighting